Every MCU Character - Statistics

General Stats
  • This quiz has been taken 90 times
  • The average score is 40 of 75
Answer Stats
Hint Answer % Correct
6 Black Widow
100%
10 Iron Man
100%
8 Captain America
98%
7 Thor
98%
6 Hawkeye
93%
7 Nick Fury
93%
4 Star Lord
91%
6 Hulk
89%
5 Pepper Potts
89%
4 Drax
87%
4 Gamora
87%
5 Loki
87%
4 Spider Man
87%
5 Ant Man
85%
4 Black Panther
85%
4 Groot
85%
22 Stan Lee
85%
4 Thanos
85%
5 Falcon
84%
4 Doctor Strange
82%
4 Vision
78%
3 Wasp
78%
4 Bucky Barnes
76%
6 War Machine
76%
4 Nebula
75%
3 Odin
73%
2 Peggy Carter
67%
2 Shuri
67%
3 Maria Hill
65%
3 Mantis
64%
1 Quicksilver
62%
3 Wong
62%
2 Captain Marvel
60%
1 Ultron
58%
1 Ego
56%
4 Phil Coulson
55%
3 Red Skull
55%
4 Rocket Racoon
55%
2 Ronan
55%
3 Jane Foster
53%
4 Scarlett Witch
53%
2 Valkyrie
49%
1 Hela
47%
1 Whiplash
45%
1 Ironmonger
44%
2 Yondu
44%
1 Vulture
40%
4 Heimdall
38%
2 Howard Stark
38%
2 Ebony Maw
36%
4 Erik Selvig
36%
1 Abomination
33%
1 Dormammu
33%
1 Malekith
33%
2 Proxima Midnight
31%
2 Sif
31%
1 Zemo
31%
1 Aldrich Killian
29%
2 Cull Obsidian
27%
1 Mandarin
27%
1 Justin Hammer
25%
2 Arnim Zola
24%
1 Talos
22%
1 Yon Rogg
18%
3 Jarvis
15%
2 Thunderbolt Ross
13%
1 Alexander Peirce
5%
2 Corvus Glave
5%
1 Destroyer
5%
1 Baron Strucker
4%
2 Klaw
4%
1 Eitre
2%
1 Mary Jane
2%
2 Okeyo
2%
1 Laufi
0%
No matching quizzes found
Score Distribution
Percent of People with Each Score
Percentile by Number Answered
Your Score History
You have not taken this quiz